[Event "LLHH 1920 FC St. Pauli II - SK Marmstor"]
[Site "?"]
[Date "2021.08.22"]
[Round "9.3"]
[White "Mueller, Jan-Hendrik"]
[Black "Priebe, Jan"]
[Result "1-0"]
[WhiteElo "2123"]
[BlackElo "2185"]
[PlyCount "111"]
[EventDate "2021.??.??"]

1. d4 d6 2. Nf3 Nf6 3. c4 g6 4. Nc3 Bg7 5. e4 O-O 6. Be2 e5 7. Be3 Nbd7 8. O-O
a5 9. Ne1 exd4 10. Bxd4 Re8 11. f3 Ne5 12. Nc2 c6 13. Qd2 d5 14. cxd5 cxd5 15.
Bb5 Re6 16. exd5 Nxd5 17. f4 Nb4 18. Rad1 Nec6 19. Bxg7 Qxd2 20. Rxd2 Kxg7 21.
Na3 Re7 22. Nc4 Be6 23. Nb6 Rd8 24. Rxd8 Nxd8 25. a3 Nbc6 26. Rd1 Bb3 27. Rd2
Ne6 28. Ncd5 Re8 29. Kf2 Rd8 30. Ke3 Re8 31. Kf2 Nc5 32. Kf3 Rd8 33. Ke2 f5 34.
Bxc6 bxc6 35. Ne3 Re8 36. Rd6 Re6 37. Rxe6 Nxe6 38. g3 Kf6 39. Kd3 Nc5+ 40. Kc3
Be6 41. Nec4 Nb7 42. Ne5 Bd5 43. Nxd5+ cxd5 44. Nd7+ Ke6 45. Nf8+ Kd6 46. Nxh7
Nc5 47. Nf8 Na4+ 48. Kc2 d4 49. Nxg6 Kd5 50. Ne5 Ke4 51. b4 axb4 52. axb4 Nc3
53. h4 Nd5 54. b5 Ne3+ 55. Kc1 d3 56. b6 1-0

[Event "LLHH 1920 FC St. Pauli II - SK Marmstor"]
[Site "?"]
[Date "2021.08.22"]
[Round "9.4"]
[White "Richter, Maik"]
[Black "Diekmann, Jens"]
[Result "1-0"]
[WhiteElo "2159"]
[BlackElo "2074"]
[PlyCount "49"]
[EventDate "2021.??.??"]

1. e4 c5 2. Nf3 Nc6 3. Bb5 g6 4. O-O Bg7 5. Re1 Nf6 6. c3 O-O 7. h3 Qb6 8. Ba4
Rd8 9. Qe2 e6 10. d3 d6 11. Bg5 a6 12. Bxc6 Qxc6 13. e5 dxe5 14. Nxe5 Qd5 15.
c4 Qd4 16. Qf3 Rf8 17. Bxf6 Qxb2 18. Ng4 Bxf6 19. Qxf6 Qxf6 20. Nxf6+ Kg7 21.
Ne4 b6 22. Nbc3 Rd8 23. Na4 Rb8 24. Rab1 f5 25. Nexc5 1-0

[Event "LLHH 1920 FC St. Pauli II - SK Marmstor"]
[Site "?"]
[Date "2021.08.22"]
[Round "9.5"]
[White "Peschke, Matthias"]
[Black "Mitscherling, Andreas"]
[Result "0-1"]
[WhiteElo "2027"]
[BlackElo "2185"]
[PlyCount "80"]
[EventDate "2021.??.??"]

1. c4 e6 2. g3 d5 3. Bg2 Nf6 4. Nf3 Be7 5. O-O O-O 6. b3 a5 7. Ba3 Nc6 8. Bxe7
Qxe7 9. e3 e5 10. d3 dxc4 11. dxc4 Rd8 12. Qe2 e4 13. Nd4 Nxd4 14. exd4 Rxd4
15. Nc3 Bf5 16. Rad1 Rxd1 17. Rxd1 c6 18. Rd4 Re8 19. Qd2 g6 20. Rd6 Ng4 21.
Nd1 h5 22. h3 e3 23. fxe3 Nxe3 24. Nxe3 Qxe3+ 25. Qxe3 Rxe3 26. Rd8+ Kg7 27.
Ra8 Rxg3 28. Kh2 Re3 29. Rxa5 Re2 30. Kg1 Be4 31. Bxe4 Rxe4 32. Ra7 Re7 33. b4
Kf6 34. Kf2 Ke5 35. Ke3 f5 36. h4 Kd6+ 37. Kf4 Re4+ 38. Kg5 Rg4+ 39. Kf6 Kc7
40. a4 Rxc4 0-1

[Event "LLHH 1920 FC St. Pauli II - SK Marmstor"]
[Site "?"]
[Date "2021.08.22"]
[Round "9.8"]
[White "Welsh, Michael"]
[Black "Peschke, Andres"]
[Result "1-0"]
[WhiteElo "1973"]
[BlackElo "1938"]
[PlyCount "57"]
[EventDate "2021.??.??"]

1. d4 c5 2. d5 Nf6 3. c4 d6 4. Nc3 e6 5. e4 Be7 6. Nf3 O-O 7. Be2 e5 8. h3 Nbd7
9. Be3 a6 10. a4 Re8 11. O-O Nf8 12. Nh2 Ng6 13. Qd2 b6 14. f4 exf4 15. Bxf4 h6
16. Rae1 Nh7 17. Bh5 Bf6 18. Bxg6 fxg6 19. Nf3 g5 20. e5 gxf4 21. exf6 g5 22.
Qd3 Nf8 23. Ne4 Ra7 24. h4 Rxe4 25. Qxe4 Qxf6 26. hxg5 hxg5 27. Nxg5 Qxg5 28.
Rxf4 Rg7 29. Rxf8+ 1-0

[Event "LLHH 1920 TV Fischbek - SK Weisse Dame"]
[Site "?"]
[Date "2021.08.22"]
[Round "9.2"]
[White "Brandt, Carina"]
[Black "Mandelbaum, Peter-Rene"]
[Result "1/2-1/2"]
[WhiteElo "2061"]
[BlackElo "2076"]
[PlyCount "60"]
[EventDate "2021.??.??"]

1. e4 c5 2. Nf3 Nc6 3. d4 cxd4 4. Nxd4 Nf6 5. Nc3 d6 6. h3 e5 7. Nde2 Be6 8.
Bg5 Be7 9. Qd3 O-O 10. Bxf6 Bxf6 11. O-O-O Qa5 12. Qb5 Bg5+ 13. f4 exf4 14. Nd4
Qxb5 15. Ndxb5 f3+ 16. Kb1 fxg2 17. Bxg2 Rad8 18. Nxd6 Rd7 19. e5 Nxe5 20. Nxb7
Rxd1+ 21. Rxd1 Nc4 22. Rd3 Bf5 23. Rd4 Nd2+ 24. Ka1 Re8 25. a3 Bxc2 26. Nc5
Nb3+ 27. Nxb3 Bxb3 28. Rb4 Be6 29. Rb7 Be3 30. Nd5 Bxd5 1/2-1/2

[Event "LLHH 1920 TV Fischbek - SK Weisse Dame"]
[Site "?"]
[Date "2021.08.22"]
[Round "9.4"]
[White "Schermer, Denis"]
[Black "Lansky, Georg"]
[Result "1/2-1/2"]
[WhiteElo "2017"]
[BlackElo "2001"]
[PlyCount "106"]
[EventDate "2021.??.??"]

1. d4 e6 2. c4 d5 3. Nf3 Be7 4. g3 Nf6 5. Bg2 O-O 6. O-O dxc4 7. Qc2 a6 8. a4
Bd7 9. Qxc4 Bc6 10. Bg5 h6 11. Bxf6 Bxf6 12. Nc3 a5 13. e4 Na6 14. Rfd1 Nb4 15.
Rac1 Bd7 16. e5 Be7 17. Ne1 c6 18. Be4 Rc8 19. h4 Nd5 20. Bb1 h5 21. Ng2 g6 22.
Qe2 b5 23. g4 Bxh4 24. gxh5 f5 25. Nxd5 exd5 26. axb5 f4 27. Nxh4 Qxh4 28. f3
gxh5 29. Qh2 Qxh2+ 30. Kxh2 cxb5 31. Ba2 Be6 32. Rc5 Rxc5 33. dxc5 Rc8 34. Bxd5
Bxd5 35. Rxd5 Kf7 36. e6+ Kxe6 37. Rxh5 a4 38. c6 Rxc6 39. Rxb5 Rc4 40. Kh3 Kd6
41. Kg4 Kc6 42. Rf5 Rb4 43. Rf6+ Kb5 44. Rf5+ Kc4 45. Rxf4+ Kb3 46. Rxb4+ Kxb4
47. f4 Kb3 48. f5 Kxb2 49. f6 a3 50. f7 a2 51. f8=Q a1=Q 52. Qf6+ Ka2 53. Qxa1+
Kxa1 1/2-1/2

[Event "LLHH 1920 TV Fischbek - SK Weisse Dame"]
[Site "?"]
[Date "2021.08.22"]
[Round "9.5"]
[White "Ludwig, Jan"]
[Black "Reichhardt, Philip"]
[Result "1-0"]
[WhiteElo "2034"]
[BlackElo "2011"]
[PlyCount "55"]
[EventDate "2021.??.??"]

1. e4 c5 2. Nf3 Nc6 3. c3 e6 4. d4 cxd4 5. cxd4 d5 6. e5 Bb4+ 7. Nc3 Nge7 8.
Bd3 Qb6 9. O-O Bd7 10. Na4 Qc7 11. a3 Ba5 12. b4 Bb6 13. Be3 Nf5 14. Rc1 a6 15.
Nc3 Nxe3 16. fxe3 h6 17. b5 Ne7 18. Ne4 dxe4 19. Rxc7 Bxc7 20. Bxe4 Bxb5 21.
Rf2 Nd5 22. Bxd5 exd5 23. Nh4 Bd7 24. Qb3 Bc6 25. Qb4 O-O-O 26. Rxf7 a5 27. Qc5
g5 28. Ng6 1-0

[Event "LLHH 1920 TV Fischbek - SK Weisse Dame"]
[Site "?"]
[Date "2021.08.22"]
[Round "9.6"]
[White "Schwarzkopf, Joerg"]
[Black "Kuhle, Sebastian"]
[Result "0-1"]
[WhiteElo "1838"]
[BlackElo "2016"]
[PlyCount "68"]
[EventDate "2021.??.??"]

1. e4 e5 2. f4 d5 3. exd5 exf4 4. Nf3 Nf6 5. Nc3 Nxd5 6. Nxd5 Qxd5 7. d4 Be7 8.
c4 Qe4+ 9. Kf2 Bf6 10. Qd3 Qxd3 11. Bxd3 g5 12. Bd2 Bg4 13. Rae1+ Kd8 14. Ne5
Bxe5 15. Rxe5 f6 16. Ree1 Nd7 17. Bc3 c6 18. b3 Kc7 19. Re7 Rae8 20. Rhe1 Rxe7
21. Rxe7 h6 22. h3 Kd8 23. Rg7 Be6 24. Be4 Re8 25. d5 Bxd5 26. Bg6 Rg8 27.
Rxg8+ Bxg8 28. Bf5 Ne5 29. Bxe5 fxe5 30. Kf3 Ke7 31. Ke4 Kf6 32. a3 Bd5+ 33.
cxd5 cxd5+ 34. Kxd5 Kxf5 0-1

[Event "LLHH 1920 SK Union Eimsbüttel - SK Joha"]
[Site "?"]
[Date "2021.08.22"]
[Round "9.3"]
[White "Schroeder, Christoph"]
[Black "Adloff, Ralf"]
[Result "1/2-1/2"]
[WhiteElo "2166"]
[BlackElo "2070"]
[PlyCount "55"]
[EventDate "2021.??.??"]

1. d4 Nf6 2. Nc3 d6 3. e4 e5 4. dxe5 dxe5 5. Qxd8+ Kxd8 6. Bg5 c6 7. O-O-O+ Ke8
8. f4 Be7 9. f5 Ng4 10. Bxe7 Kxe7 11. Rd2 Rd8 12. Rxd8 Kxd8 13. Nf3 f6 14. Bc4
Nh6 15. g4 Ke7 16. g5 Nf7 17. Rg1 Nd7 18. g6 hxg6 19. Rxg6 Kf8 20. Rg3 b5 21.
Be2 Nc5 22. b4 Nb7 23. Kb2 a5 24. a3 axb4 25. axb4 Nbd6 26. Nd2 Bd7 27. Nb3 Nb7
28. Bf3 1/2-1/2

[Event "LLHH 1920 SK Union Eimsbüttel - SK Joha"]
[Site "?"]
[Date "2021.08.22"]
[Round "9.4"]
[White "Leonardi, Karlheinz"]
[Black "Zart, Ruediger"]
[Result "1/2-1/2"]
[WhiteElo "2088"]
[BlackElo "2116"]
[PlyCount "47"]
[EventDate "2021.??.??"]

1. d4 Nf6 2. c4 g6 3. g3 c6 4. Bg2 d5 5. Nf3 Bg7 6. O-O O-O 7. cxd5 cxd5 8. Ne5
e6 9. Nc3 Nfd7 10. Nxd7 Nxd7 11. Be3 Nb6 12. b3 Bd7 13. Qd2 Re8 14. Rac1 Bc6
15. Bh6 Bh8 16. h4 Qe7 17. Rfd1 Rad8 18. h5 Nc8 19. hxg6 hxg6 20. Bf4 Bf6 21.
Be5 Bg5 22. Bf4 Bf6 23. Be5 Bg5 24. Bf4 1/2-1/2

[Event "LLHH 1920 SK Union Eimsbüttel - SK Joha"]
[Site "?"]
[Date "2021.08.22"]
[Round "9.5"]
[White "Johannsen, Dennis"]
[Black "Winter, Markus"]
[Result "1/2-1/2"]
[WhiteElo "2126"]
[BlackElo "1997"]
[PlyCount "44"]
[EventDate "2021.??.??"]

1. c4 Nf6 2. Nf3 e6 3. Nc3 d5 4. cxd5 exd5 5. d4 c6 6. Bf4 Bd6 7. Bg3 Bxg3 8.
hxg3 Bf5 9. e3 Nbd7 10. Bd3 Bxd3 11. Qxd3 Qe7 12. Rh4 h6 13. O-O-O O-O-O 14.
Rdh1 Rhe8 15. Nd2 Kb8 16. Kb1 a6 17. Rc1 c5 18. dxc5 Nxc5 19. Qf5 g6 20. Qc2 h5
21. Rd4 Ne6 22. Rd3 Nc5 1/2-1/2

[Event "LLHH 1920 SK Union Eimsbüttel - SK Joha"]
[Site "?"]
[Date "2021.08.22"]
[Round "9.7"]
[White "Keyser, Robin"]
[Black "Kirschneck, Erich"]
[Result "1-0"]
[WhiteElo "2070"]
[BlackElo "1980"]
[PlyCount "69"]
[EventDate "2021.??.??"]

1. d4 Nf6 2. c4 e6 3. g3 c5 4. d5 exd5 5. cxd5 d6 6. Nc3 a6 7. a4 g6 8. Bg2 Bg7
9. Nf3 O-O 10. O-O Nbd7 11. Bf4 Qe7 12. h3 Ne8 13. Qd2 Ne5 14. Nxe5 Bxe5 15.
Bxe5 Qxe5 16. f4 Qe7 17. e4 f5 18. Rae1 fxe4 19. Rxe4 Qg7 20. Qe3 Bd7 21. Re7
Rf7 22. Rxf7 Qxf7 23. Ne4 Bf5 24. Ng5 Qf6 25. g4 Bd7 26. b3 b5 27. Ne6 bxa4 28.
bxa4 Ng7 29. f5 gxf5 30. Qf4 Bxe6 31. dxe6 Rd8 32. gxf5 d5 33. e7 Rd6 34. Qxd6
Qxd6 35. f6 1-0